Größte Städte in Baden-Württemberg - Statistiken

Allgemein
  • Dieses Quiz wurde 125 mal gespielt
  • Das Durchschnittsergebnis liegt bei 14 aus 23
Antwortstatistiken
Hint Antwort % Korrekt
S Stuttgart
98%
M Mannheim
96%
F Freiburg im Breisgau
92%
K Karlsruhe
90%
H Heidelberg
89%
U Ulm
89%
T Tübingen
80%
P Pforzheim
74%
L Ludwigsburg
72%
R Reutlingen
71%
E Esslingen am Neckar
69%
A Aalen
68%
V Villingen-Schwenningen
68%
B Baden-Baden
66%
O Offenburg
61%
G Göppingen
44%
N Nürtingen
41%
W Waiblingen
41%
C Crailsheim
36%
I Isny im Allgäu
16%
D Ditzingen
14%
J Jettingen
5%
Z Zell am Harmersbach
2%
Keine übereinstimmenden Quizze gefunden
Verteilung der Resultate
Anzahl Personen mit jedem Resultat
Perzentil nach korrekt beantworteten Fragen
Ihre Resultats-Entwicklung
Sie haben dieses Quiz noch nicht gespielt